| 000 | 00487nam a2200133 4500 | ||
|---|---|---|---|
| 999 |
_c13343 _d13343 |
||
| 008 | 190302b ||||| |||| 00| 0 eng d | ||
| 082 | _aDPer 050 T48 Apr - June 2016, v. 187 n. 12-24 | ||
| 100 |
_aVick, Karl. _937273 |
||
| 245 |
_aThe terrorist threat from ISIS may be about to get worse. Much worse/ _cKarl Vick. |
||
| 260 |
_aHong Kong: _bTime Asia, _ccApr - June 2016. |
||
| 300 |
_av187 n12, pages 5-9: _bcolor illustrations; _c27 cm. |
||
| 650 |
_aTerrorism. _937274 |
||
| 942 |
_2ddc _cPER |
||